| 000 | 00735nam a2200217Ia 4500 | ||
|---|---|---|---|
| 003 | IN-BaIIA | ||
| 008 | 211028s9999 xx 000 0 eng d | ||
| 020 | _a978-0-19-922747-1 | ||
| 040 | _cIIA Library | ||
| 080 |
_a551.51 _bVAR |
||
| 100 |
_aVardavas, I. M _931375 |
||
| 245 | 0 |
_aRadiation and climate _cI. M. Vardavas and F. W.Taylor |
|
| 260 |
_aOxford _bOxford University Press _c2007 |
||
| 300 | _axvii, 492p. | ||
| 490 | _aInternational series of monographs on physics; no. 138 | ||
| 650 |
_aGreenhouse effect-atmospheric _931376 |
||
| 650 |
_aInfrared radiation-atmospheric effects _931377 |
||
| 650 |
_aSolar radiation _95007 |
||
| 700 |
_aTaylor, F. W. _931378 |
||
| 942 | _cBK | ||
| 999 |
_c16807 _d16807 |
||